00295nam a2200133Ia 45000030006000000080041000060400015000471000034000622450019000962600009001153000006001245460014001300050017001440STCL150530s9999 xx 000 0 und d aSTCLcSTCL aAnanthanarayana Sashtri, P.S. aNavapushpamala c1938 a0 aMalayalam20220125171734.0